| 000 | 01410nam0a2200301 4500 | ||
|---|---|---|---|
| 001 | RU\NLR\bibl\59110 | ||
| 005 | 20260510063815.0 | ||
| 021 |
_aRU _b98-33364 _91584 |
||
| 035 | _a(NLR Aleph) 000057640 | ||
| 090 |
_a312395 _c312395 |
||
| 100 | _a19991117d1998 |||y0rusy50 ca | ||
| 101 | 0 | _arus | |
| 102 | _aRU | ||
| 105 | _aa ||||||||| | ||
| 200 | 1 |
_aАвтоматизация процессов обработки первичной информации _eМежвуз. сб. науч. тр. _fМ-во общ. и проф. образования Рос. Федерации, Пенз. гос. ун-т _g[Редкол.: Э.К. Шахов, засл. деят. науки и техники РФ, д.т.н., проф. и др.] |
|
| 210 |
_aПенза _cИзд-во Пенз. гос. ун-та _d1998 |
||
| 215 |
_a170,[3] с., [1] л. табл. _cил. _d20 |
||
| 320 | _aБиблиогр. в конце ст. | ||
| 606 | 0 |
_aАвтоматизированные системы обработки информации _jСборники _91125406 _3RU\NLR\auth\66126818 |
|
| 686 | _aЗ973.233я43 | ||
| 702 | 1 |
_aШахов _bЭ. К. _4340 |
|
| 712 | 0 | 2 |
_4570 _aПензенский государственный университет _9519567 _3RU\NLR\AUTH\8810010946 |
| 801 | 0 |
_aRU _bNLR _c19991117 _gPSBO |
|
| 801 | 1 |
_aRU _bNLR _c19991117 |
|
| 852 |
_aNLR _j99-3/17443 |
||
| 942 | _cBOOK | ||
| 980 | _aNB | ||